Trash Rappers By Picture - Statistics

General Stats
  • This quiz has been taken 51 times
  • The average score is 6 of 16
Answer Stats
Picture Answer % Correct
Lil Pump
90%
Machine Gun Kelly
88%
Denzel Curry
60%
Lil Xan
56%
French Montana
54%
Jack Harlow
48%
Ayo & Teo
46%
Bhad Bhabie
35%
Tom MacDonald
35%
IceJJFish
29%
Nick Cannon
29%
Smokepurpp
25%
$uicideboy$
8%
Riff Raff
4%
SSG Kobe
4%
SeptembersRich
2%
No matching quizzes found
Score Distribution
Percent of People with Each Score
Percentile by Number Answered
Your Score History
You have not taken this quiz